FIFA 20 Top 10 Center Attacking Midfielders - Statistics

General Stats
  • This quiz has been taken 42 times
  • The average score is 6 of 10
Answer Stats
Rank Player OVA % Correct
1 Kevin De Bruyne 91
100%
5 David Silva 88
69%
2 Paulo Dybala 88
69%
6 Isco 86
64%
7 Thomas Müller 86
64%
4 Marco Reus 88
56%
8 Bruno Fernandes 85
49%
3 Christian Eriksen 88
46%
10 James Rodriguez 85
36%
9 Hakim Ziyech 85
23%
No matching quizzes found
Score Distribution
Percent of People with Each Score
Percentile by Number Answered
Your Score History
You have not taken this quiz